000 00764nam a22002057a 4500
005 20160505103346.0
010 _a1516ENO7
020 _a9789351432210
_c550.00
035 _aB-611304-335
037 _adpl
_bUBH/Ven
082 _a345.54
100 _aRatanlal and Dhirajlal
245 _aThe Indian penal code
_cby Ratanlal and Dhirajlal
250 _a4th edition edited by Versha Vahini
260 _aHaryana
_bLexisNexis
_c2014
270 _a14th Floor,Bldg. No.10,Tower -B,DLF Cyber City,Phase-2
_bGurgaon
_e122002
_k+911244774444
300 _a994p.:
_bill.
_c24cm(pbk)
942 _2ddc
_cEN
_h345.54
_mRAT
999 _c95973
_d95973